| 000 | 00422cam a22001451 4500 | ||
|---|---|---|---|
| 082 |
_a691 _bZAH |
||
| 100 | 1 |
_aSYED ZAHIR HAIDER _926913 |
|
| 245 | 0 | 0 |
_aMaterials of construction: _bwood, plastics, fabrics. |
| 260 |
_aPAKISTAN _bOXFORD UNIVERSITY PRESS _c1955 |
||
| 300 |
_a 310 p. _billus. _c24 cm. |
||
| 526 |
_a0 _b0 _c0 _d691_000000000000000_ZAH |
||
| 650 | 0 | _aBuilding materials. | |
| 650 | 0 |
_aMCE _9379 |
|
| 942 |
_2ddc _cBK |
||
| 999 |
_c549015 _d549015 |
||